1224 1663 1185 1509 1893 1114 1904 1865 1087 1622 1170 1428 1854 1081 1391 1016 1489 1240 1399 1727 1821 1173 1048 1382 1276 1123 1132 1657 1965 1112 1025 1970 1808 1188 1959 1499 1756 1504 1710 1940 1891 1432 1616 1010 1828 1935 1250 1367 1114 1265 1470 1853 1435 1029 1244 1131 1032 1158 1653 1228 1291 1333 1067 1600 1255 1254 1628 1951 1464 1208 1950 1843 1904 1630 1170 1036 1020 1003 1069 1269 1467 1050 1630 1159 1981 1802 1708 1912 1647 1167 1400 1279 1574 1509 1885 1970 1301 1447 1019 BCNSPRNW ULIB Ver.6.0+V

เปลี่ยนเป็นภาษาไทย

Change to English
 แสดงรายละเอียดบรรณานุกรม
  กลับหน้าหลัก

Brief Record : Get Marc (ISO 2709) : E-mail record : QR code < ปิดหน้าต่าง
LEADER : 00000nam 2200000uu 4500
001    13399115202
003     ULIB
008    120727s2550||||th 000 0 tha d
020    ^a9789749601648
090    ^aนว.^bร940ฮ ล.7 2550
100 0  ^aโรว์ลิ่ง, เจ.เค.
245 00 ^aแฮร์รี่ พอตเตอร์ กับเครื่องรางยมทูต เล่ม7/^cโรว์ลิ่ง, เจ.เค.
250    ^aพิมพ์ครั้งที่ 1
260    ^aกรุงเทพฯ :^bนานมีบุ๊คส์,^c2550
300    ^a970 หน้า
710 1  ^aนานมีบุ๊คส์
945    ^p0^l0^i14789
995    ^aกัณชพร
999    ^aใช้งานได้ทุกระบบ
รายการนี้ยังไม่มีแท็ก
คุณยังไม่ได้ล็อกอิน คุณสามารถมีกิจกรรมร่วมกับเว็บไซต์ได้ แต่ต้องล็อกอินก่อน ::
  ล็อกอิน

รายการสื่อสารสนเทศ

ลำดับที่ ประเภท เลขเรียก/บาร์โค้ด สถานที่ สถานะ
1. วิทยาศาสตร์การแพทย์ และสุขภาพ
วิทยาศาสตร์การแพทย์ และสุขภาพ
นว. ร940ฮ ล.7 2550  
  Barcode: 14789
ห้องสมุดวิทยาเขตสวรรค์ประชารักษ์
►นวนิยาย
บนชั้น
  ขอยืม

รายการใกล้เคียง
    ผู้แต่ง [โรว์ลิ่ง, เจ.เค.]

BibComment


ยังไม่เคยถูกคอมเมนท์

คอมเมนท์ทรัพยากรรายการนี้
  คอมเมนท์: แฮร์รี่ พอตเตอร์..


 Copyright 2026. Bcnsprnw @Library